Statistics for Regular show ultimate trivia

Click here to take the quiz!

General Stats

  • This quiz has been taken 305 times
  • The average score is 15 of 43

Answer Stats

HintAnswer% Correct
RacoonRigby
100%
Blue jayMordecai
95%
The angry bossBenson
92%
Muscle man's nameMitch Sorenstein
89%
Who sacrifices at the endPops
86%
LollylanderPops
86%
YetiSkipps
85%
Where does Margaret workCoffee shop and channel 6 news
74%
Who is an Russian spy internThomas or Nikolai
56%
Who's the only main character whose wedding is shownMuscle man
53%
Who created the showJg Quintel
47%
Who does he have a marriage withStarla
45%
What abnormally large body part death hasArm
44%
What species is EileenMole
41%
What does Cj stand forCloudy J
39%
What is the name of the first episodeThe Power
38%
Fives' brotherLow-fives
37%
What is the song that Pops sings in karaoke videoFootloose by Kenny Loggins
33%
What is the name of the rival park ownerGene
32%
Skips' cousinQuipps
32%
Benson's scientist crushPam
27%
What is the name of the park they work inThe Park
25%
What famous Queen song plays when Margaret finally kisses MordecaiWe are the champions by Queen
25%
Space station in 8th seasonSpace tree
22%
What is the name of hi-five ghost's girlfriendCelia
20%
Who is the son of laserdiscHD DVD
20%
First short that the creator made before regular show2 in the am pm
18%
Song that plays at the end of the seriesHeroes by David Bowie
18%
Who is his sisterBlu-ray
16%
Character inspired by David BowieGareth
16%
What was the name of Skipps girlfriendMona
13%
Real name of popsMega Kranus
10%
Name of Mordecai's wife at the endStef
7%
Who does Bruce Rock parodyBruce Springsteen
5%
Parody of an infamous NES controllermaximum glove
5%
What does Margaret's dad flyNews helicopter
5%
An episode that won an Emmy for the creatorsEggscellent
3%
Song that appears in "A Bunch of Full Grown Geese"The touch by Stan Bush
3%
Second short before regular showNaive man from lollyland
2%
The name of giant babiesGuardians of the eternal youth
1%
Actor who voices pops's evil twin brotherRobert Englund
1%
Place from where that character comes fromSyntos
1%
Actor who voiced the evil hot dogsTim Curry
1%

Score Distribution

Percentile by Number Answered

Percent of People with Each Score

Your Score History

You have not taken this quiz